| 000 | 01636njm0a2200361 4500 | ||
|---|---|---|---|
| 001 | RU\NLR\ONIZ\308931 | ||
| 005 | 20260215045247.0 | ||
| 035 | _a(NLR Aleph) 022722404 | ||
| 071 | 0 | 0 | _a33Д-115795-6 |
| 090 |
_a13550564 _c13550564 |
||
| 100 | _a20260215 rusy50 | ||
| 102 | _aRU | ||
| 126 |
_aabaxdxu ux _bxxx |
||
| 127 | _a002000 | ||
| 145 | 0 | _aa | |
| 200 | 1 |
_aМцыри _bЗвукозапись _eпоэма _fМ. Лермонтов _gчитает: Николай Мордвинов |
|
| 203 |
_aустная речь _bисполнительская _cаудио |
||
| 210 |
_aМосква _cМелодия _d[19--] _gЗавод грампластинок _eАпрелевка |
||
| 215 |
_a1 грп. [ГОСТ 5289-68] (ок. 20 мин) : 33 об/мин, моно _d25 см, в конв. |
||
| 606 | 1 |
_aМастера художественного слова советские _z20 век _jЗвукозапись _2nlr_sh |
|
| 606 | 1 |
_aСтихи русских поэтов _z19 век _jЗвукозапись _2nlr_sh |
|
| 700 | 1 |
_9z01790 _aЛермонтов _bМ. Ю. _f1814 - 1841 _gМихаил Юрьевич _4520 _7ca |
|
| 702 | 1 |
_9z02790 _aМордвинов _bН. Д. _cактёр _f1901-1966 _gНиколай Дмитриевич _4005 _7ca |
|
| 790 | 1 |
_9z01700 _aLermontov _bM. J. _f1814-1841 _gMichail Jur`evič _4520 _7ba |
|
| 790 | 1 |
_9z02702 _aMordvinov _bN. _cactor _f1901-1966 _gNikolaj _4005 _7ba |
|
| 801 | 0 |
_aRU _bNLR _c20220517 _gPSBO |
|
| 801 | 1 |
_aRU _bNLR _c20220517 _2rusmarc |
|
| 801 | 2 |
_aRU _bNLR _c20260130 |
|
| 852 |
_aNLR _gМг _j*2/45 _m5288 _t1 |
||
| 942 | _cREC | ||
| 980 | _aONIZ | ||
| 980 | _aNB | ||